Los hermanos Karamazov

Shranjeno v:
Bibliografske podrobnosti
Glavni avtor: Dostoievski, Fedor (Author)
Format: Knjiga
Jezik:španščina
Izdano: Santiago Andrés Bello 1989
Serija:Club de Lectores Andrés Bello, 121-122
Teme:
Oznake: Označite
Brez oznak, prvi označite!

MARC

LEADER 00000nam a2200000 a 4500
001 UCX6036
003 CL-VaPUC
008 930407e19890000CL |||||||||||||||||spa|d
082 0 4 |a 891.703  |b DOS  |2 21 
100 |a Dostoievski, Fedor  |e author  |9 267773 
245 1 4 |a Los hermanos Karamazov 
300 |a 2 v 
942 |c BK 
945 |d 19930407 00:00:00 
260 |a Santiago  |b Andrés Bello  |c 1989 
650 0 |a Novelas rusas   |9 316330 
583 |a last modification  |c 19930407 00:00:00  |k Rodrigo Vera 
490 0 |a Club de Lectores Andrés Bello, 121-122 
999 |c 226138  |d 226136 
952 |0 0  |1 0  |4 0  |6 891_703000000000000_DOS_1989  |7 0  |8 A  |9 224264  |a BIBEDU  |b BIBEDU  |d 2019-11-15  |h v.1  |i 293051K  |o 891.703 DOS 1989  |p 293051K  |r 2019-11-15  |w 2019-11-15  |y BK  |k LIT 
952 |0 0  |1 0  |4 0  |6 891_703000000000000_DOS_1989  |7 0  |8 P  |9 224265  |a BIBARQ  |b BIBARQ  |d 2019-11-15  |h v.1  |i 3107574  |o 891.703 DOS 1989  |p 3107574  |r 2025-01-20  |w 2019-11-15  |y BK  |k ARQ 
952 |0 0  |1 0  |4 0  |6 891_703000000000000_DOS_1989  |7 0  |8 P  |9 224266  |a BIBARQ  |b BIBARQ  |d 2019-11-15  |h v.2  |i 3107582  |o 891.703 DOS 1989  |p 3107582  |r 2025-01-20  |w 2019-11-15  |y BK  |k ARQ